[Event "Barcelona Martorell-chB 37th"]
[Site "Martorell"]
[Date "2019.09.28"]
[Round "3.2"]
[White "Bise Fenoy, Jordi"]
[Black "Rocamora Bages, Albert"]
[Result "1-0"]
[WhiteElo "1737"]
[BlackElo "1697"]
[PlyCount "117"]
[EventDate "2019.09.14"]
[EventType "swiss"]
[EventRounds "9"]
[EventCountry "ESP"]
[SourceTitle "EXT 2024"]
[Source "ChessBase"]
[SourceDate "2023.10.10"]
[SourceVersion "1"]
[SourceVersionDate "2023.10.10"]
[SourceQuality "1"]

1. d4 Nf6 2. Bf4 d6 3. e3 g6 4. h3 Bg7 5. Nf3 0-0 6. Be2 c5 7. c3 cxd4 8. exd4 Re8 9. 0-0 Nc6 10. Bh2 Bd7 11. Nbd2 Qc8 12. Ng5 e5 13. dxe5 dxe5 14. Bc4 Re7 15. Nde4 Nxe4 16. Nxe4 Be6 17. Bxe6 Rxe6 18. Qb3 h6 19. Rad1 Qc7 20. Rd3 Rd8 21. Rfd1 Rxd3 22. Rxd3 b6 23. Qd1 Re7 24. Bg3 Qc8 25. Rd6 Re6 26. Qd5 Rxd6 27. Qxd6 Nd4 28. cxd4 exd4 29. Be5 Bxe5 30. Qxe5 Qd8 31. Qd6 Qc8 32. Qxd4 Qc1+ 33. Kh2 Qf4+ 34. g3 Qf5 35. Nf6+ Kf8 36. Nh7+ Kg8 37. Nf6+ Kf8 38. Nd7+ Kg8 39. Nf6+ Kf8 40. Ne4 Kg8 41. Nd6 Qf3 42. Qf4 Qd5 43. Ne4 Qe6 44. Nd6 Kg7 45. a3 a5 46. Nc4 Qc6 47. Qd4+ Kh7 48. Nxb6 h5 49. h4 Qf3 50. Qf4 Qb7 51. Qd4 Qf3 52. Nc4 Qf5 53. Qf4 Qd5 54. Ne5 Kg7 55. Qxf7+ Qxf7 56. Nxf7 Kxf7 57. b4 a4 58. f3 Ke6 59. g4 1-0

[Event "Vilafranca del Penedes op 5th"]
[Site "Vilafranca del Penedes"]
[Date "2011.05.27"]
[Round "7.9"]
[White "Vinas Racionero, Josep Claudi"]
[Black "Rocamora Bages, Albert"]
[Result "1-0"]
[WhiteElo "2097"]
[BlackElo "1764"]
[PlyCount "87"]
[EventDate "2011.04.08"]
[EventType "swiss"]
[EventRounds "8"]
[EventCountry "ESP"]
[SourceTitle "EXT 2024"]
[Source "ChessBase"]
[SourceDate "2023.10.10"]
[SourceVersion "1"]
[SourceVersionDate "2023.10.10"]
[SourceQuality "1"]

1. e4 c5 2. Nf3 d6 3. d4 cxd4 4. Nxd4 Nf6 5. Nc3 g6 6. g3 Bg7 7. Bg2 0-0 8. 0-0 Nbd7 9. h3 Ne5 10. Kh2 Bd7 11. f4 Nc6 12. Be3 Qc8 13. Nd5 Re8 14. Nb5 Nxd5 15. exd5 Nb4 16. Nxa7 Qxc2 17. Rc1 Qxd1 18. Rfxd1 Na6 19. b4 Ba4 20. Rd2 Nxb4 21. Rc4 Nc2 22. Rcxc2 Bxc2 23. Rxc2 Reb8 24. Bb6 e5 25. dxe6 fxe6 26. Rc7 d5 27. a4 Bf6 28. a5 Bd8 29. Rd7 Bxb6 30. axb6 Re8 31. Bf1 Rad8 32. Rc7 d4 33. Bb5 Rf8 34. Bd3 Rf7 35. Nb5 Rfd7 36. Kg2 Kf7 37. Kf3 Kf6 38. Ke4 Ke7 39. Nxd4 Rxc7 40. bxc7 Ra8 41. Ke5 Kd7 42. Nb5 Ra6 43. Bc4 Rc6 44. c8Q+ 1-0

[Event "Vilafranca del Penedes op 4th"]
[Site "Vilafranca del Penedes"]
[Date "2010.04.30"]
[Round "3.9"]
[White "Rocamora Bages, Albert"]
[Black "Lluverol Torrents, Salvador"]
[Result "0-1"]
[WhiteElo "1758"]
[BlackElo "2004"]
[PlyCount "86"]
[EventDate "2010.04.16"]
[EventType "swiss"]
[EventRounds "8"]
[EventCountry "ESP"]
[SourceTitle "EXT 2024"]
[Source "ChessBase"]
[SourceDate "2023.10.10"]
[SourceVersion "1"]
[SourceVersionDate "2023.10.10"]
[SourceQuality "1"]

1. e4 c5 2. Nf3 Nc6 3. d4 cxd4 4. Nxd4 g6 5. Nc3 Bg7 6. Be3 Nf6 7. f3 0-0 8. Qd2 d5 9. Nxc6 bxc6 10. e5 Nd7 11. f4 Rb8 12. Rb1 Qa5 13. Be2 f6 14. exf6 Nxf6 15. 0-0 Bg4 16. Bd3 Nd7 17. Qf2 Rb7 18. Bd2 Qb6 19. Qxb6 axb6 20. h3 Bf5 21. Rf3 Bxd3 22. Rxd3 e5 23. Rf3 e4 24. Rff1 b5 25. Ne2 Ra8 26. a3 Nb6 27. c3 Nc4 28. Bc1 Rf7 29. Nd4 Bxd4+ 30. cxd4 e3 31. g3 Re8 32. Re1 Rfe7 33. Re2 Re4 34. b3 Nd6 35. Bb2 Nf5 36. Kg2 Nxd4 37. Bxd4 Rxd4 38. Kf3 Rd3 39. a4 bxa4 40. bxa4 Ra3 41. Rc1 d4 42. Rxc6 d3 43. Rxe3 d2 0-1